Dangerlok (Record no. 155062)

MARC details
000 -LEADER
fixed length control field 00558nam a22001937a 4500
005 - DATE AND TIME OF LATEST TRANSACTION
control field 20190306160838.0
010 ## - LCCN (DPL NO)
LC control number B-214273 , B-214278
020 ## - INTERNATIONAL STANDARD BOOK NUMBER
Terms of availability 150.00
International Standard Book Number 9780143027881
035 ## - SYSTEM CONTROL NUMBER
System control number B-214273 B-214278,B-214275
037 ## - SOURCE OF ACQUISITION
Source of stock number/acquisition BPPD/PUB
082 ## - DEWEY DECIMAL CLASSIFICATION NUMBER
Classification number N
Item number DES
100 ## - MAIN ENTRY--PERSONAL NAME
Personal name Souza, Eunice de
245 ## - TITLE STATEMENT
Title Dangerlok
Statement of responsibility, etc Eunice de Souza
260 ## - PUBLICATION, DISTRIBUTION, ETC. (IMPRINT)
Place of publication, distribution, etc New Delhi
Name of publisher, distributor, etc Penguin Book India
Date of publication, distribution, etc 2001
270 ## - ADDRESS
City New Delhi
Address 11, Community Centre, Panchsheel Park
300 ## - PHYSICAL DESCRIPTION
Extent 114p.
Dimensions 20cm(pbk)
942 ## - ADDED ENTRY ELEMENTS (KOHA)
Source of classification or shelving scheme Dewey Decimal Classification
Item type English Books
Classification part N
Call number suffix DES
Holdings
Withdrawn status Lost status Not for loan Collection code Home library Current library Date acquired Source of acquisition Cost, normal purchase price Full call number Barcode Cost, replacement price Koha item type Copy number
      Fiction R.C.Libraries (zls) R.C.Libraries (zls) 08/11/2018   150.00 N DES B-214278 150.00 English Books 1
      Fiction Sarojini Nagar Sarojini Nagar 12/12/2018     N DES B-214264   English Books  
      Fiction Shahdara Branch Shahdara Branch 28/07/2018 BPPD/PUB 150.00 N DES B-214273 150.00 English Books  
      Fiction Vigyan Vihar Vigyan Vihar 06/03/2019 BPPD/PUB 150.00 N DES B-214275 150.00 English Books  
      Fiction Yojana Vihar Yojana Vihar 09/08/2019 BPPD/PUB 150.00 N DES B-214274 150.00 English Books  

© Delhi Public Library
Hit Counter
free hit counter